Les 20 villes les plus peuplées de l'Aveyron (12) - Statistiques

Statistiques générales
  • Ce quiz a été pris 147 fois
  • Le résultat moyen est 9 sur 20
Statistiques - réponses
HINT HINT ANSWER % Correct
24 136 R Rodez
100%
21 859 M Millau
95%
11 502 V Villefranche-de-Rouergue
81%
5 025 D Decazeville
75%
12 062 O Onet-le-Château
75%
7 924 S Saint-Affrique
68%
4 607 E Espalion
63%
6 054 L Luc-la-Primaube
47%
3 168 B Baraqueville
43%
3 006 B Bozouls
40%
3 531 O Olemps
37%
2 333 F Firmi
25%
4 044 S Sévérac d'Aveyron
25%
3 465 A Aubin
24%
4 394 C Capdenac-Gare
23%
3 266 S Sébazac-Concourès
20%
2 301 L Le Monastère
19%
2 376 F Flavin
18%
2 313 S Salles-la-Source
16%
3 179 D Druelle Balsac
12%
Aucun quiz correspondant
Distribution des résultats
% des personnes avec chaque résultat
Percentile par nombre de réponses
Votre historique - résultats
Vous n’avez pas pris ce quiz